| 000 | 00611nam a22001937a 4500 | ||
|---|---|---|---|
| 999 |
_c181579 _d181579 |
||
| 005 | 20210924110120.0 | ||
| 010 | _aENG-129962 | ||
| 020 |
_c495.00 _a978-93-5388-775-9 |
||
| 035 | _aEN-113494 | ||
| 037 | _bDBAD/PUB | ||
| 082 | _a306.874 | ||
| 100 | _aShelat,Manisha Pathak | ||
| 245 |
_aRaising humanist: _cby Manisha Pathak-shelat,Kiran Vinod Bhatia _bConscious parenting in an Increasingly fragmented world/ |
||
| 260 |
_bSage _c2021 |
||
| 270 |
_bNew Delhi _aBI/1-1 Mohan Cooperative Industrial Area _e110044 |
||
| 300 |
_axiii,240p. _c25cm (pbk) |
||
| 700 | _aBhatia,Kiran Vinod | ||
| 942 |
_2ddc _cEN _mRAD |
||